000
00290nam a2200121Ia 4500
005
20251222143248.0
008
251222s9999||||xx |||||||||||||| ||spa||
082
_a
251.31/A64J
100
_a
Aparicio Quispe, Severo
245
0
_a
José Pérez Armendáriz:
264
_b
Amauta
942
_c
LIB
999
_c
14842
_d
14842